[Event "GER-ch"]
[Site "Bad Neuenahr"]
[Date "1991.??.??"]
[Round "1"]
[White "Poldauf, Dirk"]
[Black "Lau, Ralf"]
[Result "0-1"]
[WhiteElo "2355"]
[BlackElo "2485"]
[EventDate "1991.06.??"]
[PlyCount "72"]

1. c4 g6 2. Nc3 Bg7 3. g3 e5 4. Bg2 f5 5. e3 Nf6 6. Nge2 O-O 7. O-O d6 8. d3 a5 9. b3 c6 10. e4 Na6 11. h3 f4 12. gxf4 Nh5 13. fxe5 dxe5 14. f3 Nb4 15. Be3 Nxd3 16. Qd2 Ndf4 17. Qxd8 Rxd8 18. Kh2 Rd3 19. Bb6 Nxg2 20. Kxg2 Nf4+ 21. Kg3 Rd2 22. Rfe1 Be6 23. Rad1 Rc2 24. Rc1 Nxe2+ 25. Nxe2 Rxa2 26. Nc3 Ra3 27. Na4 Rxb3 28. Nc5 Rxb6 29. Nxe6 a4 30. Red1 Bh6 31. Ra1 a3 32. c5 Rb2 33. Nc7 Bf4+ 34. Kh4 Rg2 35. Ne6 Rf8 36. Rxa3 Bg5+ 0-1

[Event "GER-ch"]
[Site "Bad Neuenahr"]
[Date "1991.??.??"]
[Round "1"]
[White "Schaefer, Markus"]
[Black "Schuh, Hubert"]
[Result "1/2-1/2"]
[WhiteElo "2400"]
[BlackElo "2375"]
[EventDate "1991.06.??"]
[PlyCount "41"]

1. e4 c5 2. Nf3 e6 3. d4 cxd4 4. Nxd4 Nf6 5. Nc3 d6 6. f4 a6 7. Be2 Be7 8. O-O O-O 9. Qe1 e5 10. fxe5 dxe5 11. Nf5 Bxf5 12. exf5 Nc6 13. Kh1 Rc8 14. Bg5 Nb4 15. Qg3 Kh8 16. Rad1 Qa5 17. Bd3 Rfd8 18. Bxf6 Bxf6 19. Be4 Rd4 20. a3 Nc6 21. Bxc6 1/2-1/2

[Event "GER-ch"]
[Site "Bad Neuenahr"]
[Date "1991.??.??"]
[Round "1"]
[White "Serrer, Christoph"]
[Black "Muse, Mladen"]
[Result "0-1"]
[WhiteElo "2305"]
[BlackElo "2460"]
[EventDate "1991.06.??"]
[PlyCount "78"]

1. Nf3 Nf6 2. c4 d6 3. d4 Bf5 4. Nc3 g6 5. Nh4 Bd7 6. g3 Bg7 7. Bg2 Qc8 8. O-O Bh3 9. e4 Bxg2 10. Kxg2 O-O 11. f4 c5 12. d5 e6 13. Re1 exd5 14. exd5 Re8 15. Rxe8+ Qxe8 16. Qd3 Na6 17. a3 Nc7 18. Bd2 Qd7 19. Re1 a6 20. h3 b5 21. b3 Rb8 22. Qc2 Nce8 23. Rb1 Qb7 24. a4 Nc7 25. f5 Re8 26. axb5 axb5 27. Re1 Rxe1 28. Bxe1 b4 29. Nd1 Ncxd5 30. cxd5 Qxd5+ 31. Kh2 g5 32. Ng2 Ne4 33. Nde3 Qe5 34. Qd3 h5 35. h4 gxh4 36. Nxh4 Nf6 37. Nf3 Qxe3 38. Qf1 Qxb3 39. Ng5 Qc2+ 0-1

[Event "GER-ch"]
[Site "Bad Neuenahr"]
[Date "1991.??.??"]
[Round "2"]
[White "Boensch, Uwe"]
[Black "Serrer, Christoph"]
[Result "1-0"]
[WhiteElo "2470"]
[BlackElo "2305"]
[EventDate "1991.06.??"]
[PlyCount "103"]

1. d4 d5 2. c4 c6 3. e3 Nf6 4. Nf3 e6 5. Bd3 Nbd7 6. Nbd2 Bd6 7. O-O O-O 8. e4 dxe4 9. Nxe4 Nxe4 10. Bxe4 h6 11. Bc2 e5 12. c5 Bc7 13. Re1 exd4 14. Qd3 f5 15. b4 a5 16. Bb2 axb4 17. Qxd4 Nf6 18. Qxb4 Ba5 19. Qb3+ Nd5 20. Re2 Bb4 21. Rd1 Bxc5 22. Ne5 Qb6 23. Ng6 Qxb3 24. Bxb3 Rd8 25. Ne7+ Kf8 26. Nxd5 cxd5 27. Re5 b6 28. Rexd5 Rxd5 29. Rxd5 Be7 30. h3 Be6 31. Re5 Bxb3 32. axb3 Ra5 33. Rxa5 bxa5 34. Kf1 Kf7 35. Ke2 g6 36. Bc3 Bd8 37. Kd3 Ke6 38. Kc4 h5 39. Kb5 Kd5 40. Bxa5 Bh4 41. Bb6 Bf6 42. b4 g5 43. f3 Bc3 44. Bc5 g4 45. fxg4 fxg4 46. hxg4 hxg4 47. Kb6 Bf6 48. Bf8 Bd8+ 49. Ka6 Ke4 50. Bd6 Ke3 51. b5 Ke2 52. Bg3 1-0

[Event "GER-ch"]
[Site "Bad Neuenahr"]
[Date "1991.??.??"]
[Round "2"]
[White "Buecker, Stefan"]
[Black "Poldauf, Dirk"]
[Result "1-0"]
[WhiteElo "2345"]
[BlackElo "2355"]
[EventDate "1991.06.??"]
[PlyCount "81"]

1. e4 e6 2. Nf3 d5 3. e5 c5 4. b4 cxb4 5. a3 bxa3 6. d4 Nc6 7. c3 f6 8. Bd3 fxe5 9. dxe5 Qc7 10. Qe2 Nh6 11. O-O Nf7 12. Re1 g6 13. Nxa3 Bc5 14. Nb5 Qd8 15. Ra4 a6 16. Nbd4 Nxd4 17. Nxd4 Bd7 18. Ra2 Qb6 19. Qg4 Bxd4 20. cxd4 Rc8 21. Rb2 Qa5 22. Qe2 Bc6 23. Bd2 Qd8 24. Bb4 Qh4 25. Bc5 Nh6 26. Rb3 Qg4 27. Qd2 Nf7 28. Bf1 Qg5 29. Qb4 Qd8 30. Rf3 Qd7 31. g3 Ng5 32. Rf4 Bb5 33. Bg2 Bd3 34. Qd2 Bc4 35. Rf6 Nf7 36. Bh3 Rc6 37. Bd6 Nd8 38. Qh6 Rxd6 39. exd6 Qxd6 40. Rfxe6+ Nxe6 41. Rxe6+ 1-0

[Event "GER-ch"]
[Site "Bad Neuenahr"]
[Date "1991.??.??"]
[Round "2"]
[White "Schmittdiel, Eckhard"]
[Black "Schaefer, Markus"]
[Result "1-0"]
[WhiteElo "2485"]
[BlackElo "2400"]
[EventDate "1991.06.??"]
[PlyCount "67"]

1. c4 Nf6 2. g3 g6 3. Bg2 Bg7 4. Nc3 O-O 5. e4 d6 6. Nge2 c6 7. O-O e5 8. h3 Na6 9. d3 Re8 10. Be3 Nc7 11. d4 exd4 12. Nxd4 Ne6 13. Re1 Nxd4 14. Bxd4 Be6 15. Qd3 Qa5 16. Rad1 Rad8 17. b3 c5 18. Be3 Nd7 19. Nb5 Qxa2 20. Re2 Qa5 21. Nxd6 Ne5 22. Qb1 Re7 23. Red2 Nc6 24. Bg5 f6 25. Be3 Rf8 26. e5 Nd4 27. exf6 Bxf6 28. Nxb7 Rxb7 29. Bxb7 Bf5 30. Bd5+ Kh8 31. Qa2 Qb6 32. g4 Bc8 33. b4 Qxb4 34. Qxa7 1-0

[Event "GER-ch"]
[Site "Bad Neuenahr"]
[Date "1991.??.??"]
[Round "2"]
[White "Schuh, Hubert"]
[Black "Hickl, Joerg"]
[Result "0-1"]
[WhiteElo "2375"]
[BlackElo "2480"]
[EventDate "1991.06.??"]
[PlyCount "68"]

1. d4 d6 2. Nf3 c6 3. g3 Nd7 4. Bg2 e5 5. O-O e4 6. Ng5 d5 7. f3 exf3 8. exf3 Bd6 9. Re1+ Ne7 10. Nd2 O-O 11. Nf1 a5 12. c3 a4 13. Nh3 Ng6 14. Bg5 Qc7 15. Qc2 Nb6 16. Re2 h6 17. Bd2 Bd7 18. Rae1 c5 19. dxc5 Bxc5+ 20. Be3 Bb5 21. Bxc5 Qxc5+ 22. Rf2 Rfe8 23. Rd1 Re2 24. Rd2 Rae8 25. b4 axb3 26. axb3 Re1 27. b4 Qc6 28. f4 Ra8 29. Rf3 Raa1 30. Rdf2 Nd7 31. Qd2 Rad1 32. Qa2 Nf6 33. Qa8+ Nf8 34. Qa7 Ne4 0-1

[Event "GER-ch"]
[Site "Bad Neuenahr"]
[Date "1991.??.??"]
[Round "2"]
[White "Volke, Karsten"]
[Black "Kunze, Markus"]
[Result "1-0"]
[WhiteElo "2395"]
[BlackElo "2360"]
[EventDate "1991.06.??"]
[PlyCount "55"]

1. d4 Nf6 2. c4 c5 3. d5 e6 4. Nc3 exd5 5. cxd5 d6 6. e4 g6 7. f4 Bg7 8. Bb5+ Nfd7 9. Nf3 O-O 10. O-O Qa5 11. Bd3 c4 12. Bc2 b5 13. e5 f5 14. exf6 Nxf6 15. Kh1 b4 16. Ne4 Nxe4 17. Bxe4 Nd7 18. Nd4 Nf6 19. Nc6 Qc5 20. Bf3 Bf5 21. Qe1 Bd3 22. Qe6+ Kh8 23. Be3 Qb5 24. Rfe1 c3 25. Bd4 Rae8 26. Qxd6 Rxe1+ 27. Rxe1 c2 28. Bxf6 1-0

[Event "GER-ch"]
[Site "Bad Neuenahr"]
[Date "1991.??.??"]
[Round "3"]
[White "Hickl, Joerg"]
[Black "Schmittdiel, Eckhard"]
[Result "1/2-1/2"]
[WhiteElo "2480"]
[BlackElo "2485"]
[EventDate "1991.06.??"]
[PlyCount "40"]

1. e4 e6 2. d4 d5 3. Nc3 Nf6 4. Bg5 dxe4 5. Nxe4 Be7 6. Bxf6 Bxf6 7. Nf3 Bd7 8. Bc4 Bc6 9. Qe2 Bxe4 10. Qxe4 c6 11. O-O-O Nd7 12. h4 Qc7 13. Ng5 Nb6 14. Bb3 h6 15. Nf3 O-O-O 16. Ne5 Kb8 17. f4 h5 18. g3 Nc8 19. c3 Nd6 20. Qf3 g6 1/2-1/2

[Event "GER-ch"]
[Site "Bad Neuenahr"]
[Date "1991.??.??"]
[Round "3"]
[White "Kunze, Markus"]
[Black "Muse, Mladen"]
[Result "0-1"]
[WhiteElo "2360"]
[BlackElo "2460"]
[EventDate "1991.06.??"]
[PlyCount "146"]

1. e4 c5 2. Nf3 Nc6 3. d4 cxd4 4. Nxd4 Nf6 5. Nc3 e5 6. Ndb5 d6 7. Bg5 a6 8. Na3 b5 9. Bxf6 gxf6 10. Nd5 Bg7 11. Bd3 Ne7 12. Nxe7 Qxe7 13. c4 f5 14. O-O O-O 15. Qh5 bxc4 16. Nxc4 d5 17. exd5 e4 18. Be2 Rb8 19. Rad1 Bd7 20. b3 Kh8 21. f3 a5 22. fxe4 fxe4 23. d6 Qe6 24. Ne3 f5 25. Bc4 Qg6 26. Qxg6 hxg6 27. Nd5 Be5 28. Ne7 Kg7 29. Rd5 Bc3 30. Rfd1 Bb4 31. a3 Bxa3 32. Rxa5 Bb4 33. Ra6 Ra8 34. Rda1 Rxa6 35. Rxa6 Rf6 36. Nd5 Bc5+ 37. Kf1 Rxd6 38. Rxd6 Bxd6 39. h3 Be6 40. Kf2 g5 41. Ke3 Bc5+ 42. Ke2 Bf7 43. b4 Bxb4 44. Ne3 Bxc4+ 45. Nxc4 Kf6 46. Ne3 Ke5 47. Nf1 Bc5 48. Nh2 Bg1 49. Nf1 Kf4 50. Kd2 Bc5 51. Ke2 Bd4 52. Kd2 Bb2 53. Ke2 Bc1 54. Kf2 Ke5 55. Ng3 Bf4 56. Ne2 Bd2 57. Ng3 Bc1 58. Ke2 Bf4 59. Nh1 Kd4 60. Nf2 Bc1 61. Nh1 Bf4 62. Nf2 Be3 63. Nd1 Bc1 64. Nf2 Ke5 65. Nd1 Kf4 66. Nc3 Kg3 67. Kf1 Bb2 68. Nd5 f4 69. Nc7 f3 70. gxf3 Kxf3 71. Ne6 Bf6 72. h4 g4 73. Ng5+ Bxg5 0-1

[Event "GER-ch"]
[Site "Bad Neuenahr"]
[Date "1991.??.??"]
[Round "3"]
[White "Schaefer, Markus"]
[Black "Lutz, Christopher"]
[Result "1/2-1/2"]
[WhiteElo "2400"]
[BlackElo "2500"]
[EventDate "1991.06.??"]
[PlyCount "54"]

1. e4 c5 2. Nf3 d6 3. Nc3 Nf6 4. g3 Nc6 5. Bg2 g6 6. O-O Bg7 7. d3 O-O 8. h3 Rb8 9. a4 a6 10. Be3 Nd7 11. Qd2 b5 12. axb5 axb5 13. Bh6 b4 14. Bxg7 Kxg7 15. Nd5 e6 16. Ne3 Nf6 17. Nh2 d5 18. exd5 exd5 19. Nhg4 Bxg4 20. hxg4 h6 21. g5 hxg5 22. Nf5+ Kh8 23. Qxg5 Ng8 24. Qxd8 Rfxd8 25. Ne3 Nge7 26. Ra6 Rbc8 27. f4 f6 1/2-1/2

[Event "GER-ch"]
[Site "Bad Neuenahr"]
[Date "1991.??.??"]
[Round "3"]
[White "Serrer, Christoph"]
[Black "Schuh, Hubert"]
[Result "0-1"]
[WhiteElo "2305"]
[BlackElo "2375"]
[EventDate "1991.06.??"]
[PlyCount "110"]

1. Nf3 c5 2. c4 Nf6 3. Nc3 Nc6 4. d4 cxd4 5. Nxd4 g6 6. g3 Bg7 7. Bg2 Qb6 8. Nc2 O-O 9. O-O d6 10. b3 Be6 11. h3 a6 12. Qd2 Rac8 13. Ne3 Qa5 14. Bb2 b5 15. cxb5 axb5 16. Rfd1 Rfd8 17. Qd3 b4 18. Bxc6 Rxc6 19. Ncd5 Nxd5 20. Nxd5 Qxd5 21. Qxd5 Bxd5 22. Bxg7 Bxb3 23. axb3 Kxg7 24. Rd4 Rb8 25. Ra4 Rc3 26. Raxb4 Rxb3 27. Rxb8 Rxb8 28. Kg2 Rb6 29. f4 h5 30. Kf3 Kf6 31. Ra4 Rb3+ 32. e3 g5 33. fxg5+ Kxg5 34. Ra5+ Kg6 35. Ra7 e6 36. h4 d5 37. Ra4 f6 38. Ke2 e5 39. Ra5 Rb2+ 40. Kf1 Rd2 41. Ke1 Rg2 42. Rxd5 Rxg3 43. Kf2 Rh3 44. Rd6 Rxh4 45. Ra6 Kf5 46. Rb6 Rh1 47. Rb5 h4 48. Rb4 Rh2+ 49. Kf1 Kg5 50. Ra4 Rb2 51. Kg1 Re2 52. Ra3 h3 53. Rb3 Kg4 54. Kh1 e4 55. Rb6 Kg3 0-1

[Event "GER-ch"]
[Site "Bad Neuenahr"]
[Date "1991.??.??"]
[Round "4"]
[White "Lutz, Christopher"]
[Black "Hickl, Joerg"]
[Result "0-1"]
[WhiteElo "2500"]
[BlackElo "2480"]
[EventDate "1991.06.??"]
[PlyCount "96"]

1. d4 Nf6 2. c4 d6 3. Nc3 e5 4. Nf3 Nbd7 5. e4 Be7 6. Be2 O-O 7. O-O c6 8. Qc2 a6 9. Rd1 Qc7 10. h3 Re8 11. Be3 b5 12. a3 Bb7 13. Rac1 Rac8 14. dxe5 dxe5 15. Qb1 b4 16. axb4 Bxb4 17. Nd2 a5 18. Nb3 Bxc3 19. bxc3 c5 20. f3 a4 21. Na1 Ra8 22. Nc2 a3 23. Qb3 Bc6 24. Nxa3 Ba4 25. Nb5 Qa5 26. Qb1 Bxd1 27. Rxd1 Red8 28. Bf1 h6 29. Bf2 Rac8 30. Nd6 Rb8 31. Nb5 Rbc8 32. Nd6 Rb8 33. Nb5 Qb6 34. Bg3 Nh5 35. Bf2 Ndf6 36. Re1 Nf4 37. g3 Ne6 38. h4 Rd7 39. Qa2 Rbd8 40. Be3 Rd1 41. Rxd1 Rxd1 42. Qa8+ Rd8 43. Qa2 Qc6 44. Qe2 Qa8 45. Bh3 Qa1+ 46. Kf2 Ra8 47. Bd2 Ra2 48. Nd6 Nd4 0-1

[Event "GER-ch"]
[Site "Bad Neuenahr"]
[Date "1991.??.??"]
[Round "4"]
[White "Muse, Mladen"]
[Black "Poldauf, Dirk"]
[Result "1/2-1/2"]
[WhiteElo "2460"]
[BlackElo "2355"]
[EventDate "1991.06.??"]
[PlyCount "43"]

1. d4 Nf6 2. Nf3 g6 3. Bg5 Bg7 4. Nbd2 d6 5. e4 O-O 6. c3 Nc6 7. Bb5 Bd7 8. O-O h6 9. Bh4 g5 10. Bg3 Nh5 11. Re1 e6 12. Bxc6 Bxc6 13. Nf1 f5 14. d5 Be8 15. exf5 exf5 16. h3 f4 17. Bh2 Bf7 18. Nd4 Bxd4 19. Qxd4 Qf6 20. Qxf6 Nxf6 21. c4 Rfe8 22. Nd2 1/2-1/2

[Event "GER-ch"]
[Site "Bad Neuenahr"]
[Date "1991.??.??"]
[Round "4"]
[White "Schmittdiel, Eckhard"]
[Black "Serrer, Christoph"]
[Result "1-0"]
[WhiteElo "2485"]
[BlackElo "2305"]
[EventDate "1991.06.??"]
[PlyCount "57"]

1. e4 c6 2. d4 d5 3. e5 Bf5 4. Nc3 Qd7 5. Nf3 e6 6. Nh4 Bg6 7. Be3 Qc7 8. f4 a6 9. f5 Bxf5 10. Nxf5 exf5 11. Bd3 g6 12. g4 fxg4 13. Qxg4 Qd7 14. Qf3 Bh6 15. O-O-O Bxe3+ 16. Qxe3 Qe7 17. h4 Nd7 18. h5 gxh5 19. Rxh5 O-O-O 20. Bf5 b5 21. Qg3 f6 22. Re1 Qf7 23. Bg4 fxe5 24. dxe5 Qe7 25. Ne2 Kb7 26. Nf4 Nf8 27. Nd3 Nh6 28. Rxh6 Qg5+ 29. Qf4 1-0

[Event "GER-ch"]
[Site "Bad Neuenahr"]
[Date "1991.??.??"]
[Round "4"]
[White "Schoene, Ralf"]
[Black "Buecker, Stefan"]
[Result "1-0"]
[WhiteElo "2350"]
[BlackElo "2345"]
[EventDate "1991.06.??"]
[PlyCount "149"]

1. d3 e5 2. e4 d6 3. Nc3 g6 4. f4 Bg7 5. fxe5 dxe5 6. Nf3 h6 7. Be3 Be6 8. d4 Nd7 9. d5 Bg4 10. h3 Bxf3 11. Qxf3 Ne7 12. O-O-O Nc8 13. g4 a6 14. Be2 Nd6 15. Nb1 Bf6 16. Nd2 Bg5 17. Kb1 Qe7 18. Bf2 Bh4 19. Be3 Bg5 20. Bf2 Bh4 21. Bg1 b6 22. Qg2 Bg5 23. Nf3 Bf4 24. Ne1 Nf6 25. Bd3 h5 26. g5 Nh7 27. h4 O-O 28. Be2 f6 29. Bxh5 Qg7 30. Bg4 fxg5 31. Be6+ Nf7 32. Nd3 Rae8 33. Bf2 c5 34. Rdg1 Rxe6 35. dxe6 Nd8 36. Nxf4 exf4 37. Qh3 Re8 38. hxg5 Nxe6 39. Qb3 Qe5 40. Be1 Nhxg5 41. Bc3 Qxe4 42. Qxb6 Nf7 43. Re1 Qf5 44. Qb7 Kf8 45. Rh7 Nd4 46. Rxe8+ Kxe8 47. Bxd4 cxd4 48. Qb8+ Ke7 49. Qb4+ Kf6 50. Qxd4+ Kg5 51. Qg1+ Kf6 52. Qd4+ Kg5 53. Qg1+ Kf6 54. Qa7 Qe6 55. a4 g5 56. Qd4+ Kf5 57. Qd3+ Kf6 58. Qd4+ Kf5 59. Qd3+ Kf6 60. c3 Ke7 61. Rg7 a5 62. Rg6 Qe5 63. Rb6 Nd6 64. Qh7+ Ke6 65. Qg6+ Kd7 66. Qh7+ Qe7 67. Qd3 Qe5 68. Ra6 Qc5 69. Qh7+ Ke6 70. Qg6+ Ke7 71. Qg7+ Ke6 72. Qg8+ Kf5 73. Qf8+ Ke6 74. Qe8+ Kf5 75. Qd7+ 1-0

[Event "GER-ch"]
[Site "Bad Neuenahr"]
[Date "1991.??.??"]
[Round "4"]
[White "Schuh, Hubert"]
[Black "Hort, Vlastimil"]
[Result "0-1"]
[WhiteElo "2375"]
[BlackElo "2540"]
[EventDate "1991.06.??"]
[PlyCount "114"]

1. d4 d6 2. c4 e5 3. dxe5 dxe5 4. Qxd8+ Kxd8 5. Nf3 Nc6 6. Nc3 Be6 7. e3 f6 8. Bd2 a5 9. Be2 Nh6 10. O-O Nf7 11. Rfd1 Kc8 12. Be1 a4 13. b3 axb3 14. axb3 Rxa1 15. Rxa1 Kb8 16. Nd5 Bd6 17. Bc3 Rd8 18. Rd1 Bf8 19. Ne1 Ne7 20. Nxe7 Bxe7 21. Rxd8+ Nxd8 22. Bd3 g6 23. Kf1 Nc6 24. Nc2 b6 25. f3 Na5 26. Na1 Nb7 27. Kf2 Nc5 28. Be2 Bd6 29. h4 f5 30. g3 Kb7 31. Bd1 h5 32. Bc2 c6 33. g4 e4 34. gxh5 gxh5 35. Bf6 b5 36. cxb5 cxb5 37. Ke2 exf3+ 38. Kxf3 Bd5+ 39. Ke2 Ne4 40. Bd4 Be7 41. Be5 Bxh4 42. Bd3 Kb6 43. Nc2 Bxb3 44. Nd4 Bc4 45. Nxf5 Bd8 46. Nd4 Bf6 47. Bxc4 bxc4 48. Bxf6 Nxf6 49. Kf3 Kc5 50. Nc2 Nd5 51. e4 Nb4 52. Ne3 Nd3 53. Kg3 c3 54. Kh4 Kd4 55. Nc2+ Kxe4 56. Kxh5 Nc5 57. Kg5 Kd3 0-1

[Event "GER-ch"]
[Site "Bad Neuenahr"]
[Date "1991.??.??"]
[Round "4"]
[White "Uhlmann, Wolfgang"]
[Black "Schaefer, Markus"]
[Result "1/2-1/2"]
[WhiteElo "2510"]
[BlackElo "2400"]
[EventDate "1991.06.??"]
[PlyCount "72"]

1. c4 Nf6 2. Nc3 g6 3. e4 Bg7 4. d4 d6 5. Be2 O-O 6. Bg5 Na6 7. Nf3 h6 8. Bf4 e5 9. dxe5 Nh5 10. Be3 dxe5 11. Qc1 Kh7 12. O-O c6 13. Rd1 Qe7 14. Ne1 Nf6 15. f3 Nc5 16. Nc2 Ne6 17. Qd2 Rd8 18. Qe1 Nd4 19. Nxd4 exd4 20. Rxd4 Rxd4 21. Bxd4 Ng4 22. e5 Bxe5 23. fxg4 Bxd4+ 24. Kh1 Qe3 25. Qc1 Qxc1+ 26. Rxc1 Be6 27. b3 Rd8 28. Bf3 Bxc3 29. Rxc3 Rd2 30. a4 Kg7 31. Kg1 Rb2 32. Re3 Kf6 33. h3 g5 34. Be4 a6 35. Kf1 a5 36. Ke1 Ke7 1/2-1/2

[Event "GER-ch"]
[Site "Bad Neuenahr"]
[Date "1991.??.??"]
[Round "4"]
[White "Volke, Karsten"]
[Black "Lau, Ralf"]
[Result "1/2-1/2"]
[WhiteElo "2395"]
[BlackElo "2485"]
[EventDate "1991.06.??"]
[PlyCount "35"]

1. d4 Nf6 2. c4 e6 3. Nc3 Bb4 4. e3 O-O 5. Nge2 d5 6. a3 Be7 7. cxd5 exd5 8. Nf4 a5 9. Bd3 c6 10. O-O Re8 11. f3 Bf8 12. Bc2 Na6 13. e4 dxe4 14. fxe4 c5 15. Nfd5 Nxd5 16. exd5 Qh4 17. Qf3 f6 18. Ne4 1/2-1/2

[Event "GER-ch"]
[Site "Bad Neuenahr"]
[Date "1991.??.??"]
[Round "5"]
[White "Buecker, Stefan"]
[Black "Volke, Karsten"]
[Result "0-1"]
[WhiteElo "2345"]
[BlackElo "2395"]
[EventDate "1991.06.??"]
[PlyCount "123"]

1. e4 c5 2. Nc3 Nc6 3. g3 d6 4. Bg2 g6 5. d3 Bg7 6. f4 e6 7. Nf3 Nge7 8. O-O O-O 9. Be3 Nd4 10. Qd2 b6 11. Bxd4 cxd4 12. Nb5 Ba6 13. Nbxd4 b5 14. Qb4 e5 15. fxe5 dxe5 16. Nb3 Rc8 17. Rf2 Nc6 18. Qd2 Qd6 19. Raf1 Rc7 20. Kh1 Bc8 21. Nc1 b4 22. h3 a5 23. Ne2 Ba6 24. Rd1 Qc5 25. Rdf1 Nd8 26. Ne1 Ne6 27. Rf3 Rd8 28. c3 Qb5 29. Nc1 bxc3 30. bxc3 a4 31. R1f2 Qc5 32. Ne2 Qa3 33. c4 Qc5 34. Qc1 Rb7 35. Nc3 Nd4 36. Nxa4 Qa5 37. Nc3 Nxf3 38. Rxf3 Bh6 39. Qc2 Rdb8 40. Rf1 Rb2 41. Qa4 Qxa4 42. Nxa4 Rxa2 43. Nc3 Rd2 44. Nd5 Bg7 45. Nc7 Bc8 46. Nb5 Be6 47. Rg1 Kf8 48. Bf1 Bd7 49. Nc3 Rbb2 50. Nf3 Rdc2 51. Nd1 Ra2 52. g4 f6 53. Ne3 Rf2 54. Bg2 Kf7 55. Nd1 Rfc2 56. Ne3 Rcb2 57. c5 Bf8 58. Nc4 Rc2 59. Nfxe5+ fxe5 60. Nxe5+ Ke6 61. d4 Bxc5 62. Nf3 0-1

[Event "GER-ch"]
[Site "Bad Neuenahr"]
[Date "1991.??.??"]
[Round "5"]
[White "Hickl, Joerg"]
[Black "Uhlmann, Wolfgang"]
[Result "1-0"]
[WhiteElo "2480"]
[BlackElo "2510"]
[EventDate "1991.06.??"]
[PlyCount "55"]

1. e4 e6 2. Nc3 d5 3. d4 Bb4 4. exd5 exd5 5. Bd3 Ne7 6. Qf3 Be6 7. Nge2 Qd7 8. O-O Nbc6 9. a3 Bxc3 10. bxc3 Bf5 11. Ng3 Bxd3 12. cxd3 O-O 13. h4 Rae8 14. h5 h6 15. a4 Kh7 16. Ba3 g5 17. Rfe1 f5 18. Nf1 f4 19. Nh2 Rf7 20. Ng4 Kg7 21. Re2 Nf5 22. Rxe8 Qxe8 23. Qxd5 Qe2 24. Nxh6 Nxh6 25. Qxg5+ Kh8 26. Qxh6+ Kg8 27. Qg5+ Kh8 28. Qg6 1-0

[Event "GER-ch"]
[Site "Bad Neuenahr"]
[Date "1991.??.??"]
[Round "5"]
[White "Kunze, Markus"]
[Black "Schuh, Hubert"]
[Result "0-1"]
[WhiteElo "2360"]
[BlackElo "2375"]
[EventDate "1991.06.??"]
[PlyCount "62"]

1. e4 c5 2. Nf3 e6 3. d4 cxd4 4. Nxd4 Nf6 5. Nc3 d6 6. Be2 Be7 7. f4 O-O 8. O-O a6 9. Be3 Qc7 10. Qe1 b5 11. Bf3 Bb7 12. e5 Ne8 13. Ne4 Nd7 14. exd6 Nxd6 15. Nxd6 Bxd6 16. Bxb7 Qxb7 17. f5 e5 18. Ne2 Rac8 19. Rd1 Bc5 20. Nc3 Nf6 21. a3 a5 22. Rd2 Bxa3 23. Nd1 Bb4 24. c3 Bc5 25. Kh1 Bxe3 26. Nxe3 Rfd8 27. c4 b4 28. Qd1 Rxd2 29. Qxd2 a4 30. Nd5 Rxc4 31. Nc3 Rd4 0-1

[Event "GER-ch"]
[Site "Bad Neuenahr"]
[Date "1991.??.??"]
[Round "5"]
[White "Lau, Ralf"]
[Black "Muse, Mladen"]
[Result "0-1"]
[WhiteElo "2485"]
[BlackElo "2460"]
[EventDate "1991.06.??"]
[PlyCount "68"]

1. e4 c5 2. Nf3 Nc6 3. d4 cxd4 4. Nxd4 Nf6 5. Nc3 e5 6. Ndb5 d6 7. Bg5 a6 8. Na3 b5 9. Bxf6 gxf6 10. Nd5 Bg7 11. Bd3 Ne7 12. Nxe7 Qxe7 13. c4 f5 14. O-O O-O 15. Re1 Qg5 16. exf5 Bxf5 17. Bxf5 Qxf5 18. cxb5 e4 19. Nc4 Qe6 20. Nb6 Rab8 21. Nd5 axb5 22. Re2 Rbc8 23. Qb3 Kh8 24. Rd1 Rc5 25. g3 Rfc8 26. Kg2 f5 27. Red2 Be5 28. Qe3 Rf8 29. b3 Qg6 30. Nf4 Qh6 31. Nd5 f4 32. Qxe4 f3+ 33. Kf1 Qxh2 34. Qh4 Qg2+ 0-1

[Event "GER-ch"]
[Site "Bad Neuenahr"]
[Date "1991.??.??"]
[Round "5"]
[White "Poldauf, Dirk"]
[Black "Boensch, Uwe"]
[Result "1/2-1/2"]
[WhiteElo "2355"]
[BlackElo "2470"]
[EventDate "1991.06.??"]
[PlyCount "31"]

1. c4 e6 2. g3 d5 3. Bg2 Nf6 4. Nf3 c6 5. Qc2 Nbd7 6. d4 Be7 7. O-O O-O 8. b3 Ne4 9. Nbd2 f5 10. Ne1 Ndf6 11. Ndf3 Nd6 12. Nd3 Nf7 13. a4 a5 14. Ba3 Bxa3 15. Rxa3 Qe7 16. Raa1 1/2-1/2

[Event "GER-ch"]
[Site "Bad Neuenahr"]
[Date "1991.??.??"]
[Round "5"]
[White "Schaefer, Markus"]
[Black "Schoene, Ralf"]
[Result "1/2-1/2"]
[WhiteElo "2400"]
[BlackElo "2350"]
[EventDate "1991.06.??"]
[PlyCount "63"]

1. e4 e5 2. Nf3 Nc6 3. Bb5 a6 4. Ba4 d6 5. Bxc6+ bxc6 6. d4 exd4 7. Qxd4 c5 8. Qd3 Qd7 9. O-O Ne7 10. Re1 f6 11. c4 Ng6 12. Nc3 Be7 13. Be3 Rb8 14. b3 O-O 15. Rad1 Qg4 16. h3 Qe6 17. Qd5 Qf7 18. Qxf7+ Rxf7 19. Nd5 Bf8 20. Bd2 Bb7 21. Ba5 Rc8 22. Nh2 Ne7 23. f4 Nxd5 24. exd5 c6 25. dxc6 Bxc6 26. Ng4 Re8 27. Rxe8 Bxe8 28. Ne3 f5 29. Kf2 Bc6 30. Nd5 Rb7 31. g4 fxg4 32. hxg4 1/2-1/2

[Event "GER-ch"]
[Site "Bad Neuenahr"]
[Date "1991.??.??"]
[Round "6"]
[White "Muse, Mladen"]
[Black "Buecker, Stefan"]
[Result "1-0"]
[WhiteElo "2460"]
[BlackElo "2345"]
[EventDate "1991.06.??"]
[PlyCount "41"]

1. d4 f5 2. Nc3 Nf6 3. Bg5 d5 4. Bxf6 exf6 5. e3 Be6 6. Bd3 c6 7. Qf3 g6 8. h3 Rg8 9. Nge2 Rg7 10. g4 fxg4 11. hxg4 Nd7 12. O-O-O Qa5 13. Rxh7 O-O-O 14. Rxg7 Bxg7 15. Nf4 Bf7 16. Nxg6 Bxg6 17. Bxg6 b5 18. Kb1 Nb6 19. Ne2 Nc4 20. Qf5+ Kb7 21. Nc1 1-0

[Event "GER-ch"]
[Site "Bad Neuenahr"]
[Date "1991.??.??"]
[Round "6"]
[White "Schaefer, Markus"]
[Black "Hickl, Joerg"]
[Result "1/2-1/2"]
[WhiteElo "2400"]
[BlackElo "2480"]
[EventDate "1991.06.??"]
[PlyCount "45"]

1. e4 c6 2. d4 d5 3. Nc3 dxe4 4. Nxe4 Nf6 5. Nxf6+ gxf6 6. Bc4 Bf5 7. Ne2 h5 8. Nf4 h4 9. Be3 e6 10. Qe2 Qa5+ 11. Bd2 Bb4 12. O-O-O Bxd2+ 13. Rxd2 Kf8 14. Rdd1 Qc7 15. Qf3 Rg8 16. h3 Nd7 17. g4 hxg3 18. fxg3 Nb6 19. Bd3 Bxd3 20. Rxd3 f5 21. Qh5 Nd5 22. Qh6+ Ke7 23. Nxd5+ 1/2-1/2

[Event "GER-ch"]
[Site "Bad Neuenahr"]
[Date "1991.??.??"]
[Round "6"]
[White "Schmittdiel, Eckhard"]
[Black "Kunze, Markus"]
[Result "1-0"]
[WhiteElo "2485"]
[BlackElo "2360"]
[EventDate "1991.06.??"]
[PlyCount "81"]

1. Nf3 c5 2. g3 g6 3. Bg2 Bg7 4. O-O Nc6 5. e3 d5 6. d4 Nf6 7. b3 O-O 8. Bb2 Ne4 9. Nbd2 cxd4 10. Nxe4 dxe4 11. Nxd4 f5 12. Nxc6 bxc6 13. Bxg7 Kxg7 14. Qe1 Qd6 15. Rd1 Qc5 16. c4 Qe5 17. f3 exf3 18. Bxf3 Rf6 19. Qd2 Rd6 20. Qc1 Bd7 21. c5 Rxd1 22. Rxd1 Be8 23. Rd4 Rb8 24. Ra4 Rb7 25. Kg2 Rd7 26. Kf2 Rc7 27. Qa3 Rd7 28. Rxa7 Rd2+ 29. Be2 g5 30. Qc1 Qd5 31. Qc3+ Kh6 32. e4 Rxe2+ 33. Kxe2 Bh5+ 34. Kf2 Qxe4 35. Qd2 f4 36. Rxe7 fxg3+ 37. hxg3 Qxe7 38. Qd6+ Qxd6 39. cxd6 Bg4 40. a4 Kg7 41. a5 1-0

[Event "GER-ch"]
[Site "Bad Neuenahr"]
[Date "1991.??.??"]
[Round "7"]
[White "Buecker, Stefan"]
[Black "Boensch, Uwe"]
[Result "1/2-1/2"]
[WhiteElo "2345"]
[BlackElo "2470"]
[EventDate "1991.06.??"]
[PlyCount "127"]

1. e4 c5 2. Nc3 Nc6 3. g3 g6 4. Bg2 Bg7 5. d3 d6 6. f4 e6 7. Nf3 Nge7 8. O-O O-O 9. Be3 Nd4 10. Qd2 Rb8 11. Rae1 b5 12. e5 Nef5 13. Bf2 Qc7 14. Ng5 Bb7 15. Nce4 h6 16. Nh3 dxe5 17. c3 exf4 18. cxd4 fxg3 19. hxg3 cxd4 20. g4 Bxe4 21. Rxe4 Ng3 22. Bxg3 Qxg3 23. Rf3 Qd6 24. g5 h5 25. Re2 b4 26. Nf2 Rfc8 27. Ne4 Qc7 28. Rf1 b3 29. axb3 Rxb3 30. Ref2 Rf8 31. Rc1 Qe7 32. Rc5 Kh8 33. Qc2 Rb7 34. Qc1 a6 35. Bf3 Rb5 36. Rxb5 axb5 37. Qd1 Rc8 38. Qf1 Kg8 39. Kg2 Rc7 40. Qh1 Be5 41. Bd1 Rc1 42. Qe1 Bb8 43. Qd2 Qc7 44. Kf1 Ra1 45. Nf6+ Kh8 46. Ne4 Kg7 47. Kg1 h4 48. Rf1 h3 49. Qf2 Kf8 50. Be2 Rc1 51. b4 Rxf1+ 52. Bxf1 Qc1 53. Qf3 h2+ 54. Kh1 Bf4 55. Qh3 Ke7 56. Qg2 Qe3 57. Qg4 Qc1 58. Qg2 Qe1 59. Nc5 Kf8 60. Ne4 Ke7 61. Qf3 Qh4 62. Qg2 Qe1 63. Qf3 Qh4 64. Qg2 1/2-1/2